000
00507nam a2200145Ia 4500
008
151213s9999 xx 000 0 und d
100
_a
আ: মান্নান সৈয়দ।
245
_a
নজরুল ইসলাম কাজল কালোত্তর।
_c
আ: মান্নান সৈয়দ।
260
_a
ঢাকা
_c
1987
300
_a
8718 p.
650
_a
Bangla
650
_a
প্রবন্ধ
700
_a
আ: মান্নান সৈয়দ।
999
_c
4504
_d
4504